00391nam a22001457a 450000500170000000800410001702000160005804100120007408200130008610000120009924500280011126000550013930000250019465000260021920240822095619.0240822b |||||||| |||| 00| 0 eng d a040903469 X aEnglish a349 LAW  lEnglish aThe Lawyer's Pocketbook aDurban: bButterworth Publishers (Pty) Ltd, c1998 b315 pages; c18 cm.  aLegal practice bLaw